000 00591nam a22001817a 4500
005 20140425152033.0
010 _aB-529212-226
020 _a9788189449391
_c450.00
035 _aB-529212-226
037 _adpl
_bUBH/Ven
082 _a915.4
245 _aHeritage: Holidays in India/
260 _aNew Delhi
_bOutlook Publishing
_c2013
270 _aAB-10, Safdarjung Enclave
_bNew Delhi
_e110029
300 _a1150p.
_bcol.ill.
_c20cm(pbk)
942 _2ddc
_cEN
_h915.4
_mHER
999 _c83812
_d83812